Rozvoj české e-commerce

Internetová populácia, elektronický obchod v Česku. Vstup tradičných predajcov do elektronického obchodu. Už vybudovaná sieť kamenných predajní môže k internetovému nákupu poskytnúť lepšie služby, než poskytujú malé a stredne veľké e-shopy. Postoj k nákupu vybraných kategórií tovarov na internete....

Descrizione completa

Salvato in:
Dettagli Bibliografici
Autore principale: Stříteský, Václav
Natura: Capitolo di libro
Lingua:ceco
Soggetti:
Tags: Aggiungi Tag
Nessun Tag, puoi essere il primo ad aggiungerne!!

MARC

LEADER 00000naa a2200000 4500
001 0236357
005 20220805075835.2
041 0 |a cze 
044 |a CZ 
245 1 0 |a Rozvoj české e-commerce  |c Václav Stříteský 
520 |a Internetová populácia, elektronický obchod v Česku. Vstup tradičných predajcov do elektronického obchodu. Už vybudovaná sieť kamenných predajní môže k internetovému nákupu poskytnúť lepšie služby, než poskytujú malé a stredne veľké e-shopy. Postoj k nákupu vybraných kategórií tovarov na internete. Potenciál pre rozvoj internetového obchodu v ČR. 
610 2 0 |a obchod elektronický 
610 2 0 |a Česko 
100 1 |a Stříteský, Václav